| 000 | 00691nam a2200205 a 4500 | ||
|---|---|---|---|
| 001 | 1329 | ||
| 005 | 20140414131844.0 | ||
| 008 | 000818s19uu xx 00 eng d | ||
| 020 | _a0-89565-301-X | ||
| 050 |
_aM 177.1 _bD38 1985 |
||
| 100 | _aDellinger, Annetta | ||
| 245 |
_aHugging / _cby Annetta Dellinger ; illustrated by Jenny Williams. |
||
| 260 |
_aMankato, MN : _bThe Child's World, _c1985. |
||
| 300 | _a30 p. : ill. ; cm. | ||
| 440 | _aValues to live by | ||
| 520 | _aDescribes huggin as a way to say "I love you", I forgive you", I need you" and other expressions of emotions. | ||
| 650 | _aChildren's stories, American. | ||
| 650 | _aHugging - Fiction. | ||
| 999 |
_c109868 _d109868 |
||